000 00918nam a2200253Ia 4500
003 OSt
005 20220923215112.0
006 a|||||r|||| 00| 0
007 ta
008 220922b |||||||| |||| 00| 0 hin d
024 _a175,584
037 _cTextual
040 _aARTS
_cARTS
_bhin
041 _2hin
_ahin
082 _aO152,1:gN5, L6
100 _aचतुर्वेदी, रामस्वरूप
245 0 _aकविता यात्रा
_b रत्नाकर से रघुवीर सहाय
246 _aKavitā yātrā: ratnākar se raghuvīr sahāya
260 _aदिल्ली
_b मैकमिलन कम्पनी
_c1976
300 _a125 पृ.
_ccm.
650 _aहिन्दी साहित्य
_9156264
942 _hO152,1:gN5, L6
_cTEXL
_2CC
999 _c329288
_d329288